Der Traum vom Museum : die Kunstkammer im Berliner Schloss um 1800 - eine museumsgeschichtliche Verortung

Saved in:
Bibliographic Details
Main Author: Dolezel, Eva (Author, VerfasserIn)
Corporate Authors: Humboldt-Universität zu Berlin (Grad-verleihende Institution)
Gebrüder-Mann-Verlag (Verlag)
Document Type: Thesis Book
Language:German
Published: Berlin : Gebr. Mann Verlag , [2019]
Subjects:
Online Access:Inhaltsverzeichnis
Related Items:Erscheint auch als: Der Traum vom Museum
Erscheint auch als: Der Traum vom Museum
Rezensiert in: [Rezension von: Eva Dolezel, Der Traum vom Museum, Die Kunstkammer im Berliner Schloss um 1800 - eine museumsgeschichtliche Verortung]
Author Notes:Eva Dolezel
LEADER 04635cam a2200841 c 4500
001 1642000043
003 DE-627
005 20250718183643.0
007 tu
008 180912s2019 gw ||||| m 00| ||ger c
020 |a 9783786128021  |q Broschur : EUR 39.00 (DE)  |9 978-3-7861-2802-1 
035 |a (DE-627)1642000043 
035 |a (DE-576)510880479 
035 |a (DE-599)BSZ510880479 
035 |a (OCoLC)1101133886 
040 |a DE-627  |b ger  |c DE-627  |e rda 
041 |a ger 
044 |c XA-DE-BE 
072 7 |a 1582  |2 wsb 
082 0 4 |a 740  |q DE-101 
084 |a KUNST  |q DE-16  |2 fid 
084 |a LH 30790  |2 rvk  |0 (DE-625)rvk/92989: 
084 |a LH 60400  |2 rvk  |0 (DE-625)rvk/94195: 
084 |a AK 88070  |2 rvk  |0 (DE-625)rvk/2727:10968 
084 |a 02.30  |2 bkl 
084 |a 20.11  |2 bkl 
084 |a 02.01  |2 bkl 
100 1 |a Dolezel, Eva  |e VerfasserIn  |0 (DE-588)1185192123  |0 (DE-627)1664543767  |4 aut 
245 1 4 |a Der Traum vom Museum  |b die Kunstkammer im Berliner Schloss um 1800 - eine museumsgeschichtliche Verortung  |c Eva Dolezel 
264 1 |a Berlin  |b Gebr. Mann Verlag  |c [2019] 
264 4 |c © 2019 
300 |a 350 Seiten  |b Illustrationen, Pläne  |c 21 cm 
336 |a Text  |b txt  |2 rdacontent 
337 |a ohne Hilfsmittel zu benutzen  |b n  |2 rdamedia 
338 |a Band  |b nc  |2 rdacarrier 
500 |a "Der Text wurde für die Veröffentlichung leicht überarbeitet." - Seite 345 
502 |b Dissertation  |c Humboldt-Universität zu Berlin  |d 2015 
583 1 |a Archivierung/Langzeitarchivierung gewährleistet  |f FID  |x XA-DE-BW  |2 pdager  |5 DE-16 
655 7 |a Hochschulschrift  |0 (DE-588)4113937-9  |0 (DE-627)105825778  |0 (DE-576)209480580  |2 gnd-content 
689 0 0 |d g  |0 (DE-588)4137109-4  |0 (DE-627)104766662  |0 (DE-576)20967489X  |a Stadtschloss Berlin  |g Berlin  |2 gnd 
689 0 1 |d s  |0 (DE-588)4176963-6  |0 (DE-627)105352241  |0 (DE-576)209974176  |a Raritätenkammer  |2 gnd 
689 0 2 |a z  |2 gnd  |a Geschichte 1790-1806 
689 0 |5 (DE-627) 
689 1 0 |d g  |0 (DE-588)4005728-8  |0 (DE-627)10482638X  |0 (DE-576)208862560  |a Berlin  |2 gnd 
689 1 1 |d s  |0 (DE-588)4040795-0  |0 (DE-627)106221485  |0 (DE-576)209042311  |a Museum  |2 gnd 
689 1 2 |d s  |0 (DE-588)4141681-8  |0 (DE-627)105618527  |0 (DE-576)209713305  |a Akademie der Wissenschaften  |2 gnd 
689 1 3 |d s  |0 (DE-588)4066562-8  |0 (DE-627)104393998  |0 (DE-576)209165138  |a Wissenschaft  |2 gnd 
689 1 4 |a z  |2 gnd  |a Geschichte 
689 1 |5 (DE-627) 
710 2 |a Humboldt-Universität zu Berlin  |e Grad-verleihende Institution  |0 (DE-588)1220138-8  |0 (DE-627)101191235  |0 (DE-576)193677407  |4 dgg 
710 2 |a Gebrüder-Mann-Verlag  |e Verlag  |0 (DE-588)5272457-8  |0 (DE-627)713377054  |0 (DE-576)196850029  |4 pbl 
751 |a Berlin  |0 (DE-588)4005728-8  |0 (DE-627)10482638X  |0 (DE-576)208862560  |4 uvp 
776 0 8 |i Erscheint auch als  |n Online-Ausgabe  |a Dolezel, Eva  |t Der Traum vom Museum  |d Berlin : Gebr. Mann Verlag, 2019  |h 1 Online-Ressource (350 Seiten)  |w (DE-627)1764994663  |z 9783786175001 
776 0 8 |i Erscheint auch als  |n Online-Ausgabe  |a Dolezel, Eva  |t Der Traum vom Museum  |b 1. Auflage  |d Berlin : Gebr. Mann Verlag, 2019  |h 1 Online-Ressource (350 Seiten)  |w (DE-627)1685612997  |z 9783786175001 
787 0 8 |i Rezensiert in  |a Pitteloud, Lara  |t [Rezension von: Eva Dolezel, Der Traum vom Museum, Die Kunstkammer im Berliner Schloss um 1800 - eine museumsgeschichtliche Verortung]  |d 2024  |w (DE-627)1931326630 
856 4 2 |u http://www.gbv.de/dms/weimar/toc/1642000043_toc.pdf  |m V:DE-601  |m B:DE-Wim2  |q application/pdf  |x Verlag  |3 Inhaltsverzeichnis  |7 1 
936 r v |a LH 30790  |b Berlin  |k Kunstgeschichte  |k Allgemeines. Allgemeine Kunstgeschichte  |k Museumskunde. Museumskataloge  |k Kataloge einzelner Museen; Schrifttum über einzelne Museen  |k Orte B  |k Berlin  |0 (DE-627)1270638157  |0 (DE-625)rvk/92989:  |0 (DE-576)200638157 
936 r v |a LH 60400  |b Kunstsammeln  |k Kunstgeschichte  |k Allgemeines. Allgemeine Kunstgeschichte  |k Kunstkennerschaft und Mäzenatentum  |k Kunstsammeln  |0 (DE-627)1270643045  |0 (DE-625)rvk/94195:  |0 (DE-576)200643045 
936 r v |a AK 88070  |b Berlin  |k Allgemeines  |k Museumswesen, Museologie, Museumswissenschaft  |k Einzelne Museen  |k Deutschland  |k Berlin  |0 (DE-627)1271033526  |0 (DE-625)rvk/2727:10968  |0 (DE-576)201033526 
936 b k |a 02.30  |j Museumskunde  |0 (DE-627)106403192 
936 b k |a 20.11  |j Kunstsammlung  |0 (DE-627)106406248 
936 b k |a 02.01  |j Geschichte der Wissenschaft und Kultur  |0 (DE-627)106403168 
951 |a BO 
990 |a Stadtschloss Berlin 
990 |a Raritätenkammer 
990 |a Geschichte 1790-1806 
990 |a Berlin 
990 |a Museum 
990 |a Akademie der Wissenschaften 
990 |a Wissenschaft 
990 |a Geschichte 
991 |a Rezensiertes Werk 
999 |a KXP-PPN1642000043  |e 496747053X